01389 2200301 4500001002100000005001500021035002000036008004100056020001800097041000800115082001100123084001700134100002000151245008800171260005500259300002700314500003200341520046200373650004900835650002400884650002600908990002600934990002500960990002500985990002601010990002601036990002501062INLIS00000000000184120221103103931 a0010-0520001841221103 | | eng  a0-7425-5030-8 aeng a342.73 a342.73 DOR n0 aDorf, Michael C1 aNo Litmus Test :bLa Versus Politics in the Twenty-First Century /cMichael C. Dorf aMaryland :bRowman & Littlefield Publishers,c2006 axxii, 295 p. ;c23 cm. aIndeks : Index (p. 291-294) aThe courts and, indeed, the law itself are under assault from both right and left. By analyzing the most pressing controversies of our day, No Litmus Test defends the possibility of principled legal decision-making against the attacks of both the right and the left. From Bush v. Gore to the war in Iraq, No Litmus Test demonstrates that even when the law provides no clear-cut right answers, it offers tools for distinguishing good arguments from bad ones. 4a1. Political questions and judicial power-US 4a2. US-Supreme Court 4a3. Constitutional Law a07612/MKRI-P/XII-2007 a05830/MKRI-P/IX-2008 a05830/MKRI-P/IX-2008 a07612/MKRI-P/XII-2007 a07612/MKRI-P/XII-2007 a05830/MKRI-P/IX-2008